Billie Eilish - L'AMOUR DE MA VIE - Statistics

General Stats
  • This quiz has been taken 152 times
  • The average score is 343 of 395
Answer Stats
Answer % Correct
I
100%
of
99%
of-
99%
to
99%
you
99%
You
99%
you)
99%
(You)
99%
you,
99%
be
98%
life
98%
my
98%
My
98%
So
98%
so
98%
the
98%
The
98%
a
97%
lie
97%
lie)
97%
love
97%
love)
97%
we
97%
were
97%
we're
97%
We're
97%
when
97%
When
97%
(When
97%
your
97%
Your
97%
best
96%
But
96%
(But
96%
for
96%
For
96%
in
96%
rest
96%
told
96%
(Told
96%
said
94%
wish
94%
eyes
93%
sorry
93%
was
93%
was)
93%
It
92%
it
92%
an
91%
confess,
91%
looked
91%
fall
90%
Felt
90%
Did
89%
did
89%
(Did
89%
like
89%
Like
89%
me
89%
need
89%
never
89%
on
89%
on,
89%
because
88%
Because
88%
Then
88%
then
88%
mine
87%
mine)
87%
moved
87%
if
86%
(If
86%
time?
86%
time
86%
It's
84%
it's
84%
again
83%
tried
83%
apology
82%
asking
82%
break
82%
not
82%
now
82%
feel
81%
heart?
81%
her,
81%
her
81%
leave
81%
lot
81%
making
80%
isn't
79%
you'd
79%
go
78%
(Go
78%
kill
78%
there
78%
waste
77%
immediately
74%
what
74%
And
73%
found
73%
mind
72%
why
72%
could
70%
could)
70%
ever
70%
all
69%
depressed
69%
fault,
69%
over
69%
Just
68%
losing
68%
Thought
68%
or
67%
stomach
67%
upset
67%
would
67%
almost
66%
left,
66%
obvious
66%
hard
64%
made
64%
glad
63%
knew
62%
keep
61%
after
60%
wanted
60%
it'd
58%
know
58%
mediocre
58%
shoulder?
53%
somethin'
52%
With
52%
Wanna
51%
didn't
46%
hand
46%
Say
46%
Camera
44%
camera
44%
way
44%
girls
43%
girl's
43%
pretty
41%
Caught
39%
down
37%
both
36%
seen
36%
believe
34%
Miss
34%
miss
34%
went
34%
should've
33%
wouldn't
32%
pity
30%
such
30%
fan
28%
Until
26%
No matching quizzes found
Score Distribution
Percent of People with Each Score
Percentile by Number Answered
Your Score History
You have not taken this quiz